Países por Consumo de Petróleo - Statistics

Estatísticas Gerais
  • Esse quiz foi jogado 3 369 vezes
  • A pontuação média é 17 de 21
Estatísticas das Respostas
Barril / Dia País % Correto
2.40 mi Brasil
99%
19.4 mi Estados Unidos
99%
14.0 mi China
98%
3.32 mi Rússia
96%
1.53 mi França
94%
2.28 mi Alemanha
93%
2.40 mi Canadá
93%
5.27 mi Índia
92%
3.81 mi Japão
92%
1.73 mi México
91%
1.23 mi Espanha
90%
1.05 mi Austrália
88%
1.12 mi Reino Unido
88%
1.26 mi Itália
87%
3.79 mi Arábia Saudita
82%
2.76 mi Coreia do Sul
81%
1.63 mi Indonésia
74%
2.02 mi Irã
74%
1.04 mi Emirados Árabes Unidos
53%
1.34 mi Tailândia
53%
1.34 mi Singapura
25%
Nenhum quiz correspondente encontrado
Distribuição das Pontuações
Porcentagem de Pessoas com Cada Pontuação
Percentil de Números Respondidos
Sua Pontuação Histórica
Você não jogou esse quiz